Bulletin Centra vedecko-technických informácií SR knihovníctvo - informatika - teória - prax

Gespeichert in:
Bibliographische Detailangaben
Format: Schriftenreihe
Sprache:Slowakisch
Veröffentlicht: Bratislava Centrum vedecko-technických informácií SR 2000
Schlagworte:
Tags: Tag hinzufügen
Keine Tags, Fügen Sie das erste Tag hinzu!

MARC

LEADER 00000nas2a2200000 4500
001 s124598
005 20221220130634.2
022 |a 1335-2164 
041 0 |a slo 
044 |a SK 
245 1 0 |a Bulletin Centra vedecko-technických informácií SR  |b knihovníctvo - informatika - teória - prax 
264 1 |a Bratislava  |b Centrum vedecko-technických informácií SR  |c 2000 
300 |a 1 zv.  |e 5 príl. + reg. 
773 0 |w eu_un_cat*s121223 
610 2 0 |a knižnice 
610 2 0 |a informácie